000 01044nam a22003377a 4500
003 CHAP
005 20220329140248.0
008 971013s1968 r 00010 d
010 _a49393
011 _a50365
035 _a54515
040 _cCHAP
090 _aFolleto 2866y
100 0 0 _aRobins, J. S.
_997967
245 1 _aRiego de frijol enhiesto
260 _aMéxico, D. F. :
_bCentro Regional de Ayuda Técnica,
_c1968
300 _a5 p.
_b: ilus.
490 _aUSDA. Leaflet
_v; 499
590 _aBATCH-UPD
_b10
_c20130110
_lUCH01
_h0526
590 _aBATCH-UPD
_b10
_c20130410
_lUCH01
_h0206
590 _aBATCH-UPD
_b10
_c20130914
_lUCH01
_h1441
590 _aCONVERSION
_b10
_c20130109
_lUCH01
_h1327
650 1 4 _aFrijol
_xIrrigación.
_943398
650 1 4 _aFrijol
_xVariedades.
_943446
700 0 _aHowe, O. W.
_956497
830 0 _aUSDA. Leaflet
_v; 499
_9117066
901 _aBK
942 _cFOLL
949 _aFolleto 2866y
_bBC
_cFOLL
_d-120236
_eTS1
_i54515
_si
949 _aFolleto 2866y
_bBC
_cFOLL
_d-120237
_eTS2
_fc.2
_i54515
_si
999 _c49393
_d49393